<?xml version="1.0" encoding="UTF-8"?>
<record
    xmlns:xsi="http://www.w3.org/2001/XMLSchema-instance"
    xsi:schemaLocation="http://www.loc.gov/MARC21/slim http://www.loc.gov/standards/marcxml/schema/MARC21slim.xsd"
    xmlns="http://www.loc.gov/MARC21/slim">

  <leader>00683cam a22002054a 4500</leader>
  <controlfield tag="001">86294</controlfield>
  <controlfield tag="003">BD-RjUL</controlfield>
  <controlfield tag="005">20260401152530.0</controlfield>
  <controlfield tag="008">260301s1963    pk       b    000 0 urdo </controlfield>
  <datafield tag="035" ind1=" " ind2=" ">
    <subfield code="a">(BD-RjUL)86294</subfield>
  </datafield>
  <datafield tag="040" ind1=" " ind2=" ">
    <subfield code="a">DLC</subfield>
    <subfield code="c">DLC</subfield>
    <subfield code="b">eng</subfield>
  </datafield>
  <datafield tag="041" ind1=" " ind2=" ">
    <subfield code="a">urd</subfield>
  </datafield>
  <datafield tag="082" ind1=" " ind2=" ">
    <subfield code="2">23</subfield>
    <subfield code="a">891.4394</subfield>
    <subfield code="b">IQM 1963</subfield>
  </datafield>
  <datafield tag="100" ind1="1" ind2=" ">
    <subfield code="a">Moini, Syed Abdul Wahid ;;    &#x645;&#x639;&#x6CC;&#x646;&#x6CC;&#x60C;  &#x633;&#x6CC;&#x62F; &#x639;&#x628;&#x62F;&#x627;&#x644;&#x648;&#x627;&#x62D;&#x62F;</subfield>
    <subfield code="9">17962</subfield>
  </datafield>
  <datafield tag="245" ind1="1" ind2="0">
    <subfield code="a">&#x645;&#x642;&#x627;&#x644;&#x627;&#x62A; &#x627;&#x642;&#x628;&#x627;&#x644; / : Maqalaat-e-Iqbal /</subfield>
    <subfield code="c">&#x633;&#x6CC;&#x62F; &#x639;&#x628;&#x62F;&#x627;&#x644;&#x648;&#x627;&#x62D;&#x62F; &#x645;&#x639;&#x6CC;&#x646;&#x6CC; ;; Syed Abdul Wahid Moini</subfield>
  </datafield>
  <datafield tag="260" ind1=" " ind2=" ">
    <subfield code="a">Lahore :</subfield>
    <subfield code="b">&#x634;&#x6CC;&#x62E; &#x645;&#x62D;&#x645;&#x62F; &#x627;&#x634;&#x631;&#x641; &#x62A;&#x627;&#x62C;&#x631; &#x6A9;&#x62A;&#x628;,</subfield>
    <subfield code="c">1963</subfield>
  </datafield>
  <datafield tag="300" ind1=" " ind2=" ">
    <subfield code="a">251 p. ; p. ;</subfield>
    <subfield code="c">21 cm.</subfield>
  </datafield>
  <datafield tag="650" ind1=" " ind2=" ">
    <subfield code="a">urdu literature</subfield>
  </datafield>
  <datafield tag="942" ind1=" " ind2=" ">
    <subfield code="2">ddc</subfield>
    <subfield code="c">BK</subfield>
  </datafield>
  <datafield tag="999" ind1=" " ind2=" ">
    <subfield code="c">86294</subfield>
    <subfield code="d">86294</subfield>
  </datafield>
  <datafield tag="952" ind1=" " ind2=" ">
    <subfield code="0">0</subfield>
    <subfield code="1">0</subfield>
    <subfield code="2">ddc</subfield>
    <subfield code="4">0</subfield>
    <subfield code="7">1</subfield>
    <subfield code="8">NFIC</subfield>
    <subfield code="a">RUCL</subfield>
    <subfield code="b">RUCL</subfield>
    <subfield code="c">Reading</subfield>
    <subfield code="d">2026-04-01</subfield>
    <subfield code="l">0</subfield>
    <subfield code="o">U 891.4394 IQM 1963</subfield>
    <subfield code="r">2026-04-01 00:00:00</subfield>
    <subfield code="t">C-1</subfield>
    <subfield code="w">2026-04-01</subfield>
    <subfield code="y">BK</subfield>
  </datafield>
</record>
